Notable Cities/Regions Trevor Rainbolt has been to (Map) - Statistics

General Stats
  • This quiz has been taken 21 times
    19 since last reset
  • The average score is 10 of 23
Answer Stats
Picture Answer % Correct
London
94%
Vientiane/ວຽງຈັນ
94%
Cape Town
89%
Stockholm
83%
Kuala Lumpur/Wilayah Persekutuan Kuala Lumpur
78%
Chiang Mai/เชียงใหม่/ᨩ᩠ᨿᨦᩉ᩠ᨾᩲ᩵
67%
Luang Prabang/ຫຼວງພະບາງ/ຫລວງພຣະບາງ
56%
Melbourne/Narrm
50%
Sydney
50%
Bangkok/กรุงเทพมหานคร
44%
Düsseldorf
39%
Adelaide
33%
Amsterdam
33%
Florence/Firenze
33%
Funchal
33%
Rome/Roma
28%
Seville/Sevilla
22%
Vang Vieng/ວັງວຽງ
22%
Venice/Venezia/Venesia
22%
Flippin
11%
Naples/Napoli/Napule
11%
Canggu
0%
Rombo
0%
No matching quizzes found
Score Distribution
Percent of People with Each Score
Percentile by Number Answered
Your Score History
You have not taken this quiz since the last reset